00000000cam 2200000zi 4500
0019.955858
003CaOODSP
00520260313104030
006m     o  d f      
007cr cn|||||||||
008250926t20252026quca    o    f000 0 eng d
020 |a9780660791494
040 |aCaOODSP|beng|erda|cCaOODSP
043 |an-cn-qu
0861 |aEn14-563/7-2025E-PDF
24500|aEcological Gifts Program donor profile : |ba forest saved, a future secured in Québec's Lanaudière region.
264 1|a[Gatineau, Quebec] : |bEnvironment and Climate Change Canada = Environnement et changement climatique Canada, |c[2025]
264 4|c©2026
300 |a1 online resource (2 unnumbered pages) : |bcolour illustrations
336 |atext|btxt|2rdacontent
337 |acomputer|bc|2rdamedia
338 |aonline resource|bcr|2rdacarrier
500 |aIssued also in French under title: Programme des dons écologiques - portrait de donateurs : une forêt sauvée, un futur assuré dans la région québécoise de Lanaudière.
500 |aThe publication file in PDF format was replaced on 05 March 2026 with a revised version at the request of Environment and Climate Change Canada.
500 |aCopyright date should read: 2025.
61020|aEcological Gifts Program (Canada)
650 0|aNature conservation|zQuébec (Province)
650 0|aIncome tax deductions for charitable contributions|zQuébec (Province)
650 0|aLand titles|xRegistration and transfer|zQuébec (Province)
7101 |aCanada. |bEnvironment and Climate Change Canada, |eissuing body.
77508|tProgramme des dons écologiques - portrait de donateurs : |w(CaOODSP)9.955860
794 |tEcological Gifts Program donor profile : |w(CaOODSP)9.960055
85640|qPDF|s3.58 MB|uhttps://publications.gc.ca/collections/collection_2025/eccc/En14-563-7-2025-eng.pdf